Yokai Sombre - Statistiques

Statistiques générales
  • Ce quiz a été pris 7 fois
  • Le résultat moyen est 42 sur 88
Statistiques - réponses
Hint Réponse % Correct
435 Belzel
80%
436 Dente
80%
420 Dracunyan
80%
391 Grattoptere
80%
418 Hatila
80%
434 Timidemon
80%
387 Arbrezo
60%
417 Bibliotengu
60%
384 Carnanova
60%
644 Ceodieux
60%
402 Chauv coucou
60%
401 Chauvekipeut
60%
398 Contrarioni
60%
385 Couchtar
60%
378 Egaroni
60%
390 Emousstik
60%
445 Entout Hatila
60%
648 Guillotin
60%
432 Hennimi
60%
383 Herbert
60%
665 Institours
60%
437 Millyeux
60%
389 Nihilistik
60%
431 Nimpegase
60%
393 Ninjamevu
60%
386 Noctambill
60%
442 Obskyurbi
60%
379 Onisoi
60%
441 Potofeu
60%
438 Precyeux
60%
397 Ragioni
60%
410 Raltesse
60%
613 Savantard
60%
396 Suspicioni
60%
416 Tengubre
60%
376 Timouchar
60%
430 Triptik
60%
423 Usapyon
60%
403 Vampiloc
60%
651 Zazel
60%
649 Amb Charme
40%
408 Amedelegue
40%
375 Auberchouine
40%
662 Bastetnyan
40%
377 Bazaronin
40%
409 Compte Zapzap
40%
382 Contracto
40%
591 Dame Usapyon
40%
650 Domniscian
40%
671 Domniscian 2.0
40%
444 Dr Crepuscule
40%
443 Dr Neant
40%
412 Escrocorico
40%
411 Flageste
40%
400 Geigneau
40%
679 Glapie
40%
433 Grolos
40%
656 Jurojin
40%
646 Justicier Komasque
40%
685 Lunatio
40%
440 Maltesse
40%
392 Marcognito
40%
399 Melobe
40%
645 Momignorante
40%
394 Nihilo
40%
413 Rocky Badboya
40%
422 Sinecureuil
40%
381 Tendino
40%
395 Tete de lard
40%
647 Tofupyon
40%
380 Tortico
40%
428 Usapyon B
40%
427 Usapyon Course
40%
424 Usapyon football
40%
426 Usapyon GI
40%
425 Usapyon plongee
40%
429 Usapyon Zhongda
40%
439 Venaldo
40%
388 Arbezo social
20%
414 Charlognard
20%
405 Chip Chope
20%
404 Gloups
20%
407 Hacksel
20%
406 Indexter
20%
415 M Orthogaffe
20%
643 Otempourmoa
20%
419 Snobea
20%
421 TuKappa
20%
Aucun quiz correspondant
Distribution des résultats
% des personnes avec chaque résultat
Percentile par nombre de réponses
Votre historique - résultats
Vous n’avez pas pris ce quiz